Vida y confesiones de Oscar Wilde /

Guardado en:
Detalles Bibliográficos
Autor principal: Harris, Frank (autor)
Formato: Libro
Idioma:Español
Colección:(Los Libros Evocadores)
Temas:
Etiquetas: Agrega una etiqueta
Sin etiquetas, Sé el primero en etiquetar este registro!

MARC

LEADER 00000nam^a2200000^a^4500
001 000143861
005 20250521000000.0
009 20260310095738.912
037 |a Acervo ITESO - Biblioteca 
041 |a ESP 
082 |a 820. 92  |b HAR V. 1 
100 |a Harris, Frank  |e (autor) 
245 1 0 |a Vida y confesiones de Oscar Wilde /  |c H. Frank ; epílogo G. Bernard Shaw ; prelim. y tr. por Ricardo Baeza. 
264 |a Buenos Aires, Argentina :  |b Emecé,  |c fecha no identificada 
300 |a 395 p. 
336 |a texto  |b txt  |2 rdacontenido 
337 |a sin mediación  |b n  |2 rdamedio 
338 |a volumen  |b nc  |2 rdasoporte 
440 4 |a (Los Libros Evocadores) 
500 |a Traducción de: Life and Confessions of Oscar Wilde 
649 |a XX 
650 |a Escritores Irlandeses -  |x Biografías 
650 |a Literatura Irlandesa -  |y Siglo XIX 
650 |a Literatura Inglesa -  |y Siglo XIX 
650 |a Inglaterra -  |x Historia -  |y Victoria I, 1837-1901 
910 |a Fondo Salvador Reynoso Reynoso 
920 |a Impresos - Libros 
930 |a Fondos Especiales 
940 |a Literatura 
905 |a 112 
901 |a 0800015743  |b IT2  |c ESP  |u 20250521 
902 |a https://opac.biblio.iteso.mx/vufind/Record/000143861